| 000 -LEADER |
| fixed length control field |
00563nam a22001937a 4500 |
| 008 - FIXED-LENGTH DATA ELEMENTS--GENERAL INFORMATION |
| fixed length control field |
151019b xxu||||| |||| 00| 0 eng d |
| 020 ## - INTERNATIONAL STANDARD BOOK NUMBER |
| International Standard Book Number |
0697030210 |
| 041 0# - LANGUAGE CODE |
| Language code of text/sound track or separate title |
eng |
| 080 ## - UNIVERSAL DECIMAL CLASSIFICATION NUMBER |
| Universal Decimal Classification number |
336.7 |
| 100 1# - Rafti |
| Rafti |
Pearson, Judy C. |
| 245 10 - TITLE STATEMENT |
| Title |
Gender & communication / |
| Statement of responsibility, etc |
Judy Cornelia Pearson, Lynn H. Turner, William Todd-Mancillas. |
| 250 ## - |
| -- |
2nd ed. |
| 260 ## - |
| -- |
Dubuque, IA : |
| -- |
Wm. C. Brown, |
| -- |
1991. |
| 300 ## - |
| -- |
xvi, 301 f. : |
| -- |
me il.; |
| -- |
23 cm. |
| 650 #0 - |
| -- |
Komunikimi |
| 700 1# - |
| -- |
Turner, Lynn H. |
| 700 1# - |
| -- |
Todd-Mancillas, William R., |
| 942 ## - ADDED ENTRY ELEMENTS (KOHA) |
| Source of classification or shelving scheme |
|
| Item type |
Books |